Eligibility to Use the Fund's Facilities for Concessional Financing : Republic of South Sudan.

Having become a Fund member in April 2012, South Sudan can now be considered for PRGT eligibility. In February 2012, the Executive Board reviewed the framework for eligibility to use the Fund's concessional financing facilities and the list of PRGT-eligible countries. During that review, Direct...

Full beskrivning

Bibliografiska uppgifter
Institutionell upphovsman: International Monetary Fund
Materialtyp: Tidskrift
Språk:English
Publicerad: Washington, D.C. : International Monetary Fund, 2012.
Serie:Policy Papers; Policy Paper ; No. 2012/066
Ämnen:
Länkar:Full text available on IMF
LEADER 02238cas a2200313 a 4500
001 AALejournalIMF020489
008 230101c9999 xx r poo 0 0eng d
020 |c 5.00 USD 
020 |z 9781498340083 
022 |a 2663-3493 
040 |a BD-DhAAL  |c BD-DhAAL 
110 2 |a International Monetary Fund. 
245 1 0 |a Eligibility to Use the Fund's Facilities for Concessional Financing :   |b Republic of South Sudan. 
264 1 |a Washington, D.C. :  |b International Monetary Fund,  |c 2012. 
300 |a 1 online resource (3 pages) 
490 1 |a Policy Papers 
500 |a <strong>Off-Campus Access:</strong> No User ID or Password Required 
500 |a <strong>On-Campus Access:</strong> No User ID or Password Required 
506 |a Electronic access restricted to authorized BRAC University faculty, staff and students 
520 3 |a Having become a Fund member in April 2012, South Sudan can now be considered for PRGT eligibility. In February 2012, the Executive Board reviewed the framework for eligibility to use the Fund's concessional financing facilities and the list of PRGT-eligible countries. During that review, Directors agreed to maintain the PRGT eligibility framework with a modification of the population threshold used to define small countries. Directors also decided to keep the list of PRGT-eligible countries unchanged. Under the framework to assess PRGT eligibility, decisions on entry onto the list of PRGT-eligible countries can be adopted in the period between reviews. As noted in the staff paper for the 2012 review of PRGT eligibility, given the available data, it was expected that South Sudan would be proposed for entry onto the PRGT-eligibility list after it had joined the Fund. Accordingly, this paper proposes that South Sudan now be added to the list of PRGT-eligible countries. 
538 |a Mode of access: Internet 
650 7 |a Fund  |2 imf 
650 7 |a Ida Eligibility  |2 imf 
650 7 |a PP  |2 imf 
650 7 |a PRGT-Eligibility List  |2 imf 
650 7 |a PRGT  |2 imf 
651 7 |a South Sudan, Republic of  |2 imf 
830 0 |a Policy Papers; Policy Paper ;  |v No. 2012/066 
856 4 0 |z Full text available on IMF  |u http://elibrary.imf.org/view/journals/007/2012/066/007.2012.issue-066-en.xml  |z IMF e-Library